[Event "Berlin-ch Seniors op 39th"]
[Site "Berlin"]
[Date "2023.01.31"]
[Round "8"]
[White "Maetzing, Hans Dieter"]
[Black "Beran, Rolf Dietrich"]
[Result "1/2-1/2"]
[WhiteElo "1821"]
[BlackElo "1949"]
[PlyCount "73"]
[EventDate "2023.01.24"]
[EventType "swiss"]
[EventRounds "9"]
[EventCountry "GER"]
[SourceTitle "CBM 212 Extra"]
[Source "ChessBase"]
[SourceDate "2023.03.31"]
[SourceVersion "1"]
[SourceVersionDate "2023.03.31"]
[SourceQuality "1"]

1. Nc3 g6 2. d4 d5 3. e4 dxe4 4. Nxe4 Bg7 5. c3 e6 6. Nf3 Ne7 7. Bd3 0-0 8. 0-0 h6 9. Re1 Bd7 10. Ne5 Bc6 11. Nxc6 Nbxc6 12. Nc5 b6 13. Ne4 e5 14. dxe5 Nxe5 15. Bc2 c5 16. f4 N5c6 17. Qf3 Qc7 18. Be3 Rad8 19. Nf2 f5 20. Bb3+ Kh7 21. Re2 Na5 22. Rae1 Nxb3 23. axb3 Nd5 24. Bc1 Nf6 25. h3 Rfe8 26. Rxe8 Rxe8 27. Rxe8 Nxe8 28. Qe2 Qf7 29. Qc2 Qe6 30. Kf1 Nf6 31. Bd2 c4 32. bxc4 Qxc4+ 33. Ke1 Qd5 34. Kf1 Qc4+ 35. Ke1 Qc6 36. Kf1 Qc4+ 37. Ke1 1/2-1/2

[Event "Berlin-ch Seniors op 34th"]
[Site "Berlin"]
[Date "2018.01.31"]
[Round "2"]
[White "Hoffmann, Gerhard"]
[Black "Maetzing, Hans Dieter"]
[Result "1-0"]
[WhiteElo "1658"]
[BlackElo "1946"]
[PlyCount "57"]
[EventDate "2018.01.30"]
[EventType "swiss"]
[EventRounds "9"]
[EventCountry "GER"]
[SourceTitle "EXT 2020"]
[Source "ChessBase"]
[SourceDate "2019.10.17"]
[SourceVersion "1"]
[SourceVersionDate "2019.10.17"]
[SourceQuality "1"]

1. e4 d6 2. d4 Nf6 3. Nc3 c6 4. Nf3 Nbd7 5. Bc4 b5 6. Bd3 b4 7. Ne2 Nb6 8. 0-0 Bg4 9. Ng3 e5 10. dxe5 dxe5 11. h3 Bxf3 12. Qxf3 Be7 13. Nf5 Bf8 14. Be3 h6 15. Rad1 Nbd7 16. Bc4 Qc7 17. Rd2 g6 18. Nh4 Be7 19. Rfd1 Rd8 20. g4 Rh7 21. Qg2 Nxe4 22. Qxe4 Bxh4 23. Rd6 Kf8 24. Rxc6 Qb7 25. Bd5 Qb8 26. Qf3 Be7 27. Rxg6 Ke8 28. Rxh6 Rxh6 29. Qxf7# 1-0

[Event "Berlin-ch Seniors op 31st"]
[Site "Berlin"]
[Date "2015.01.31"]
[Round "3"]
[White "Hahlbohm, Matthias"]
[Black "Maetzing, Hans Dieter"]
[Result "1-0"]
[WhiteElo "1955"]
[BlackElo "1841"]
[PlyCount "34"]
[EventDate "2015.01.29"]
[EventType "swiss"]
[EventRounds "9"]
[EventCountry "GER"]
[SourceTitle "EXT 2018"]
[Source "ChessBase"]
[SourceDate "2017.10.13"]
[SourceVersion "1"]
[SourceVersionDate "2017.10.13"]
[SourceQuality "1"]

1. e4 d6 2. Bc4 Nf6 3. d3 c6 4. Bb3 Nbd7 5. Be3 e5 6. Nc3 Nc5 7. Bxc5 dxc5 8. Nf3 Bg4 9. Bxf7+ Ke7 10. Bb3 b5 11. h3 Bxf3 12. Qxf3 a5 13. a4 b4 14. Nd1 g6 15. Ne3 Bg7 16. g4 Rf8 17. Qg3 h6 1-0

[Event "Berlin-ch Seniors op 30th"]
[Site "Berlin"]
[Date "2014.02.06"]
[Round "8"]
[White "Peter, Volkhard"]
[Black "Maetzing, Hans Dieter"]
[Result "0-1"]
[WhiteElo "1676"]
[BlackElo "1843"]
[PlyCount "114"]
[EventDate "2014.01.30"]
[EventType "swiss"]
[EventRounds "9"]
[EventCountry "GER"]
[SourceTitle "EXT 2023"]
[Source "ChessBase"]
[SourceDate "2022.10.05"]
[SourceVersion "1"]
[SourceVersionDate "2022.10.05"]
[SourceQuality "1"]

1. e4 d6 2. d4 Nf6 3. Nc3 c6 4. f4 Qa5 5. Bd3 e5 6. Be3 Ng4 7. Qd2 Nxe3 8. Qxe3 Qb6 9. Nge2 Be7 10. 0-0 Bf6 11. fxe5 dxe5 12. Na4 Qb4 13. dxe5 Bxe5 14. Qc5 Qxc5+ 15. Nxc5 b6 16. Nb3 Bxb2 17. Rad1 0-0 18. c3 Bg4 19. c4 Nd7 20. h3 Bh5 21. g4 Bg6 22. Nf4 Ne5 23. Nxg6 Nxg6 24. Rf2 Be5 25. Rf5 Rad8 26. Kf1 f6 27. Rf3 Nf4 28. c5 Kf7 29. h4 Ke7 30. a4 Ne6 31. cxb6 axb6 32. a5 bxa5 33. Nxa5 Nd4 34. Rh3 Ra8 35. Nc4 Ra2 36. Bb1 Ra1 37. Kg2 Rb8 38. Rhh1 c5 39. g5 Ke6 40. Rhf1 Rb4 41. Ne3 Rb2+ 42. Kh3 Ra3 43. Bd3 Rbb3 44. Bc4+ Kd6 45. Bxb3 Rxb3 46. Rf3 Kc6 47. Kg4 Nxf3 48. Kxf3 Bd4 49. Re1 fxg5 50. hxg5 h5 51. gxh6 gxh6 52. Kf4 Bxe3+ 53. Rxe3 Rxe3 54. Kxe3 h5 55. Kf4 c4 56. e5 Kd7 57. Kf5 c3 0-1

[Event "Berlin-ch Seniors op 30th"]
[Site "Berlin"]
[Date "2014.02.01"]
[Round "3"]
[White "Maetzing, Hans Dieter"]
[Black "Shapiro, Yosip"]
[Result "0-1"]
[WhiteElo "1843"]
[BlackElo "2005"]
[PlyCount "70"]
[EventDate "2014.01.30"]
[EventType "swiss"]
[EventRounds "9"]
[EventCountry "GER"]
[SourceTitle "EXT 2018"]
[Source "ChessBase"]
[SourceDate "2017.10.13"]
[SourceVersion "1"]
[SourceVersionDate "2017.10.13"]
[SourceQuality "1"]

1. Nc3 c5 2. Nf3 Nc6 3. d4 cxd4 4. Nxd4 e6 5. Bf4 d6 6. Ndb5 e5 7. Bg3 a6 8. Na3 b5 9. Nd5 Be6 10. e4 Nd4 11. c3 Bxd5 12. exd5 Nf5 13. Qd3 Ngh6 14. Nc2 Be7 15. Nb4 0-0 16. Be2 Bf6 17. f3 Bh4 18. Bf2 Bxf2+ 19. Kxf2 Qb6+ 20. Ke1 Nh4 21. g3 Ng6 22. Nc2 f5 23. a4 bxa4 24. Rxa4 Qxb2 25. Rb4 Qc1+ 26. Qd1 Qg5 27. Kf2 a5 28. Ra4 Rac8 29. h4 Qd8 30. Qa1 Rc5 31. Rb1 f4 32. Rh1 fxg3+ 33. Kxg3 Nf5+ 34. Kf2 Nf4 35. Bf1 Qb6 0-1

[Event "Berlin-ch Seniors op 30th"]
[Site "Berlin"]
[Date "2014.01.30"]
[Round "1"]
[White "Maetzing, Hans Dieter"]
[Black "Freihube, Manfred"]
[Result "1-0"]
[WhiteElo "1843"]
[BlackElo "1511"]
[PlyCount "111"]
[EventDate "2014.01.30"]
[EventType "swiss"]
[EventRounds "9"]
[EventCountry "GER"]
[SourceTitle "EXT 2018"]
[Source "ChessBase"]
[SourceDate "2017.10.13"]
[SourceVersion "1"]
[SourceVersionDate "2017.10.13"]
[SourceQuality "1"]

1. Nc3 d5 2. e4 d4 3. Nce2 e5 4. Ng3 Nf6 5. Nf3 Bd6 6. Bc4 0-0 7. 0-0 Nc6 8. a4 Na5 9. Ba2 c5 10. d3 Bd7 11. Bd2 Nc6 12. h3 Ne7 13. Bg5 Ng6 14. Nh5 Be7 15. Bxf6 Bxf6 16. Nh2 Bg5 17. Ng3 Qc8 18. Nf3 Bh6 19. h4 Qe8 20. Nf5 Bxf5 21. exf5 Nf4 22. g3 Nh5 23. g4 Kh8 24. gxh5 f6 25. Bd5 Qxh5 26. Nh2 Qe8 27. Qf3 Rb8 28. b3 b6 29. Ng4 Bf4 30. Qh3 Rc8 31. Be4 Rc7 32. h5 Rff7 33. f3 Qf8 34. Kf2 Qd6 35. Rh1 Qe7 36. Qf1 Qd6 37. Qe2 Qd8 38. Rag1 Qd6 39. Rg2 h6 40. Ra1 a6 41. Rgg1 Rfd7 42. Rgb1 Qf8 43. Qf1 Qf7 44. Qh3 Qe7 45. Ke2 Qd6 46. Nf2 Rf7 47. Qg4 Rfe7 48. Nh3 Be3 49. c4 Qd8 50. f4 Qd6 51. Rf1 exf4 52. Nxf4 Kh7 53. Qg6+ Kh8 54. Qg3 Kh7 55. Rf3 Rxe4 56. dxe4 1-0

[Event "GER Cup GrC Seniors 1st"]
[Site "Bad Blankenburg"]
[Date "2011.08.22"]
[Round "5"]
[White "Vonderlage, Werner"]
[Black "Maetzing, Hans Dieter"]
[Result "1-0"]
[WhiteElo "1832"]
[BlackElo "1771"]
[PlyCount "99"]
[EventDate "2011.08.18"]
[EventType "swiss"]
[EventRounds "7"]
[EventCountry "GER"]
[SourceTitle "CBM 144 Extra"]
[Source "ChessBase"]
[SourceDate "2011.10.28"]
[SourceVersion "1"]
[SourceVersionDate "2011.10.28"]
[SourceQuality "1"]

1. d4 Nc6 2. e4 d5 3. e5 Bf5 4. Nf3 e6 5. Bd3 Be4 6. Be3 f6 7. c3 Nge7 8. exf6 gxf6 9. b4 Rg8 10. Qc2 Bxf3 11. gxf3 f5 12. Nd2 Qd6 13. Nb3 Rg2 14. Nc5 Nd8 15. f4 Bh6 16. Bf1 Rg4 17. Be2 Rh4 18. Nd3 c6 19. 0-0-0 a5 20. Qa4 b5 21. Qb3 Ng6 22. a4 axb4 23. axb5 bxc3 24. bxc6 Ra3 25. Qb4 Ra1+ 26. Kc2 Ra2+ 27. Kxc3 Qxc6+ 28. Nc5 Rxe2 29. Ra1 Bxf4 30. Ra6 Qc7 31. Qb5+ Kf8 32. Qxe2 Bd6 33. Qb5 f4 34. Bc1 e5 35. Ba3 exd4+ 36. Kb2 Be7 37. Nd7+ Kg7 38. Bxe7 Qc3+ 39. Kb1 Nxe7 40. Rc1 Qf3 41. Rg1+ Ng6 42. Nf6 Qxf2 43. Rf1 Qe3 44. Nxd5 Qe4+ 45. Ka1 Rxh2 46. Qd7+ Nf7 47. Ra7 Nge5 48. Qe6 Rh6 49. Rxf7+ Nxf7 50. Qxe4 1-0

[Event "GER Cup GrC Seniors 1st"]
[Site "Bad Blankenburg"]
[Date "2011.08.21"]
[Round "4"]
[White "Maetzing, Hans Dieter"]
[Black "Hess, Helmut"]
[Result "1-0"]
[WhiteElo "1771"]
[BlackElo "1563"]
[PlyCount "79"]
[EventDate "2011.08.18"]
[EventType "swiss"]
[EventRounds "7"]
[EventCountry "GER"]
[SourceTitle "CBM 144 Extra"]
[Source "ChessBase"]
[SourceDate "2011.10.28"]
[SourceVersion "1"]
[SourceVersionDate "2011.10.28"]
[SourceQuality "1"]

1. Nc3 d5 2. e4 c6 3. Nf3 dxe4 4. Nxe4 Bg4 5. h3 Bxf3 6. Qxf3 Nd7 7. Ng5 Ndf6 8. Qb3 e6 9. Qxb7 Ne7 10. Be2 g6 11. Bf3 Qc8 12. Qxc8+ Rxc8 13. 0-0 h6 14. Ne4 Nxe4 15. Bxe4 Bg7 16. d3 0-0 17. Rb1 Nd5 18. a3 Kh7 19. g3 Rb8 20. Bxd5 exd5 21. Re1 Rb7 22. b3 Bd4 23. Bd2 a6 24. Re2 c5 25. Rbe1 Bf6 26. Re8 Rxe8 27. Rxe8 d4 28. Kf1 Kg7 29. Ra8 Rb6 30. Rc8 Be7 31. a4 g5 32. f4 gxf4 33. Bxf4 Rf6 34. Kg2 Re6 35. Kf2 Kg6 36. a5 h5 37. Rb8 Bd6 38. Bxd6 Rxd6 39. Rc8 Rf6+ 40. Kg2 1-0

[Event "GER Cup GrC Seniors 1st"]
[Site "Bad Blankenburg"]
[Date "2011.08.19"]
[Round "2"]
[White "Maetzing, Hans Dieter"]
[Black "Engelhardt, Erhard"]
[Result "1-0"]
[WhiteElo "1771"]
[BlackElo "1691"]
[PlyCount "106"]
[EventDate "2011.08.18"]
[EventType "swiss"]
[EventRounds "7"]
[EventCountry "GER"]
[SourceTitle "CBM 144 Extra"]
[Source "ChessBase"]
[SourceDate "2011.10.28"]
[SourceVersion "1"]
[SourceVersionDate "2011.10.28"]
[SourceQuality "1"]

1. Nc3 b6 2. e4 Bb7 3. Be2 e6 4. f4 Bb4 5. Bf3 d5 6. e5 Ne7 7. Nce2 Ng6 8. c3 Be7 9. g3 Nd7 10. d4 c5 11. h4 h6 12. Be3 Qc7 13. Qc2 c4 14. f5 Ngf8 15. Nf4 0-0-0 16. 0-0-0 Rg8 17. Bh5 Nxe5 18. fxe6 Nd3+ 19. Nxd3 cxd3 20. Qf2 f6 21. Bf7 Rh8 22. Rxd3 Qc4 23. Qc2 Qxa2 24. Bf4 Bc6 25. Qb1 Qxb1+ 26. Kxb1 Be8 27. Re3 Ng6 28. Nh3 Rf8 29. Bxe8 Rfxe8 30. h5 Nf8 31. Rhe1 Kb7 32. g4 Rc8 33. Bg3 Rc6 34. Nf4 Rd8 35. Ng2 Nh7 36. Nh4 Ng5 37. Nf5 Re8 38. Nxg7 Rg8 39. Nf5 Re8 40. Nxh6 Ne4 41. Nf5 Bf8 42. Kc2 Rcxe6 43. Bh4 Rc8 44. h6 Rc7 45. Bg3 Rh7 46. Bf4 Kc6 47. Rg1 b5 48. b3 a5 49. c4 a4 50. cxd5+ Kxd5 51. Kd3 Ng5 52. Bxg5 Rxe3+ 53. Bxe3 axb3 1-0

[Event "Berlin-ch Seniors op 27th"]
[Site "Berlin"]
[Date "2011.02.06"]
[Round "9"]
[White "Hoffmann, Peter1111"]
[Black "Maetzing, Hans Dieter"]
[Result "0-1"]
[WhiteElo "1854"]
[BlackElo "1780"]
[PlyCount "116"]
[EventDate "2011.01.29"]
[EventType "swiss"]
[EventRounds "9"]
[EventCountry "GER"]
[SourceTitle "EXT 2012"]
[Source "ChessBase"]
[SourceDate "2011.11.24"]
[SourceVersion "1"]
[SourceVersionDate "2011.11.24"]
[SourceQuality "1"]

1. d4 Nc6 2. c4 e5 3. d5 Nce7 4. Nc3 Ng6 5. Nf3 Nf6 6. h4 h5 7. Bg5 Be7 8. e3 d6 9. Bd3 Nh7 10. Qc2 Ngf8 11. Bxe7 Qxe7 12. 0-0-0 g6 13. Nd2 f5 14. f3 Nf6 15. Kb1 N8d7 16. Be2 Nc5 17. b4 Na6 18. a3 Bd7 19. g4 hxg4 20. fxg4 c6 21. dxc6 Bxc6 22. g5 Nh5 23. Bxh5 Rxh5 24. Nd5 Bxd5 25. cxd5 Qc7 26. Qd3 Rc8 27. Rc1 Qd7 28. Rxc8+ Qxc8 29. Nf3 Rh7 30. Rc1 Qd7 31. Qc4 Nc7 32. Kb2 Kd8 33. a4 Qxa4 34. Nxe5 Qe8 35. Nc6+ bxc6 36. dxc6 Qe5+ 37. Kb3 Qe6 38. Qxe6 Nxe6 39. Kc4 Rxh4+ 40. Kd5 Nxg5 41. Ra1 Rh7 42. Rg1 Ne4 43. Rxg6 Re7 44. b5 Kc7 45. Kc4 Kb6 46. Rg8 d5+ 47. Kb4 a5+ 48. bxa6 Kxc6 49. Rg6+ Nd6 50. Rg2 Ra7 51. Ka5 Nc4+ 52. Kb4 Rxa6 53. Rg6+ Nd6 54. Rf6 Rb6+ 55. Kc3 Kc5 56. Kd3 Ra6 57. Ke2 Ra2+ 58. Kf3 Rf2+ 0-1

[Event "Berlin-ch Seniors op 27th"]
[Site "Berlin"]
[Date "2011.02.05"]
[Round "8"]
[White "Maetzing, Hans Dieter"]
[Black "Tham, Franz"]
[Result "1-0"]
[WhiteElo "1780"]
[BlackElo "1401"]
[PlyCount "131"]
[EventDate "2011.01.29"]
[EventType "swiss"]
[EventRounds "9"]
[EventCountry "GER"]
[SourceTitle "EXT 2012"]
[Source "ChessBase"]
[SourceDate "2011.11.24"]
[SourceVersion "1"]
[SourceVersionDate "2011.11.24"]
[SourceQuality "1"]

1. d4 Nf6 2. Nf3 g6 3. Bf4 Bg7 4. Nc3 d6 5. Qd2 0-0 6. Bh6 Bg4 7. Bxg7 Kxg7 8. Ng1 Bf5 9. f3 h5 10. e4 Bc8 11. g3 c6 12. 0-0-0 b5 13. a3 a5 14. Qf4 b4 15. Nb1 bxa3 16. Nxa3 Qb6 17. e5 Nd5 18. Qd2 Na6 19. Nc4 Qb4 20. Nxa5 Qxd2+ 21. Kxd2 dxe5 22. Nxc6 exd4 23. Nxd4 Rd8 24. Ke1 Ne3 25. Rd3 Nxf1 26. Kxf1 Nb4 27. Rd2 Ba6+ 28. Kg2 Nxc2 29. Rxc2 Rxd4 30. Ne2 Rb4 31. Nf4 e6 32. Ra1 g5 33. Nxh5+ Kg6 34. g4 Bb7 35. Re1 Rxg4+ 36. Ng3 Bd5 37. h3 Rf4 38. Re3 Rb8 39. Ne4 f5 40. Nc3 Rc8 41. Rd2 g4 42. Nxd5 exd5 43. fxg4 fxg4 44. Kg3 Rcf8 45. hxg4 Re4 46. Rf3 Rxf3+ 47. Kxf3 Rb4 48. Rxd5 Rxb2 49. Rd6+ Kg5 50. Rd5+ Kg6 51. Kf4 Rf2+ 52. Kg3 Rf7 53. Rd8 Kg7 54. Kh4 Kg6 55. Rd6+ Kg7 56. Kg5 Kg8 57. Rg6+ Kh7 58. Rf6 Kg7 59. Rxf7+ Kxf7 60. Kh6 Kg8 61. Kg6 Kh8 62. Kf7 Kh7 63. g5 Kh8 64. Kg6 Kg8 65. Kf6 Kf8 66. g6 1-0

[Event "GER-ch Seniors 22nd"]
[Site "Berlin"]
[Date "2010.08.23"]
[Round "8"]
[White "Lomer, Edmund"]
[Black "Maetzing, Hans Dieter"]
[Result "1-0"]
[WhiteElo "1899"]
[BlackElo "1805"]
[PlyCount "89"]
[EventDate "2010.08.16"]
[EventType "swiss"]
[EventRounds "9"]
[EventCountry "GER"]
[SourceTitle "CBM 138 Extra"]
[Source "ChessBase"]
[SourceDate "2010.10.29"]
[SourceVersion "1"]
[SourceVersionDate "2010.10.29"]
[SourceQuality "1"]

1. Nf3 d5 2. g3 Nc6 3. d4 g6 4. Bg2 Bg7 5. 0-0 Bg4 6. c3 Qd7 7. Re1 0-0-0 8. b4 Bxf3 9. exf3 h5 10. h4 e6 11. Nd2 Nce7 12. Nb3 Nf5 13. Qe2 Bh6 14. Bh3 Bxc1 15. Raxc1 Nge7 16. f4 Qd6 17. Nc5 Ng7 18. a4 Nef5 19. a5 Qe7 20. Rb1 Nxh4 21. gxh4 Qxh4 22. Qb5 Rde8 23. Qxb7+ Kd8 24. Qb8+ Ke7 25. Qxc7+ Kf8 26. Re3 Nf5 27. Bxf5 gxf5 28. Nd7+ Kg7 29. Rg3+ Kh6 30. Qe5 Rhg8 31. Qf6+ Qxf6 32. Nxf6 Rxg3+ 33. fxg3 Rd8 34. b5 Kg6 35. Nxd5 exd5 36. b6 axb6 37. axb6 h4 38. b7 Rb8 39. gxh4 Kh5 40. Kf2 Kxh4 41. Kf3 Kh5 42. Rb6 f6 43. Rxf6 Rxb7 44. Rxf5+ Kh4 45. Rxd5 1-0

[Event "Berlin Hellersdorf op"]
[Site "Berlin"]
[Date "2010.01.10"]
[Round "5"]
[White "Maetzing, Hans Dieter"]
[Black "Torzinski, Stefan"]
[Result "1/2-1/2"]
[WhiteElo "1727"]
[BlackElo "1531"]
[PlyCount "35"]
[EventDate "2010.01.08"]
[EventType "swiss"]
[EventRounds "5"]
[EventCountry "GER"]
[SourceTitle "EXT 2012"]
[Source "ChessBase"]
[SourceDate "2011.11.24"]
[SourceVersion "1"]
[SourceVersionDate "2011.11.24"]
[SourceQuality "1"]

1. Nc3 Nf6 2. d4 d5 3. Nf3 e6 4. Bg5 Be7 5. Qd2 Nbd7 6. e3 0-0 7. h4 h6 8. Bf4 Bb4 9. Bd3 c6 10. a3 Ba5 11. b4 Bc7 12. Ne5 Nxe5 13. Bxe5 Nd7 14. Bxc7 Qxc7 15. g4 e5 16. dxe5 Nxe5 17. Be2 Bxg4 18. Qd4 1/2-1/2

[Event "Berlin Hellersdorf op"]
[Site "Berlin"]
[Date "2010.01.08"]
[Round "1"]
[White "Maetzing, Hans Dieter"]
[Black "Steffen, Rico"]
[Result "1-0"]
[WhiteElo "1727"]
[BlackElo "1948"]
[PlyCount "41"]
[EventDate "2010.01.08"]
[EventType "swiss"]
[EventRounds "5"]
[EventCountry "GER"]
[SourceTitle "EXT 2012"]
[Source "ChessBase"]
[SourceDate "2011.11.24"]
[SourceVersion "1"]
[SourceVersionDate "2011.11.24"]
[SourceQuality "1"]

1. Nc3 d5 2. e4 d4 3. Nce2 c5 4. Ng3 Nc6 5. Nf3 a6 6. a4 Bg4 7. h3 Bxf3 8. Qxf3 Nf6 9. Bc4 e6 10. 0-0 Be7 11. Qe2 Ne5 12. f4 Nxc4 13. Qxc4 Qd7 14. Qe2 0-0 15. d3 b5 16. b3 Rfc8 17. e5 Nd5 18. f5 exf5 19. Nxf5 Qe6 20. Qg4 Qg6 21. Qe4 1-0